000
00304nam a2200121Ia 4500
008
220204s9999 xx 000 0 und d
082
_a
028.2875
_b
FUR
100
_a
Furukawa, J
245
0
_a
Ionic polymerization:unsolved problems
260
_a
New York
_b
Dekker
_c
1976
700
_a
Vogl, O
942
_c
BK
999
_c
24450
_d
24450